| 000 | 01128cam a22002891 4500 | ||
|---|---|---|---|
| 001 | 3251 | ||
| 003 | BD-RjUL | ||
| 005 | 20211208233712.0 | ||
| 008 | 131218s1965 mduab b 001 0 eng | ||
| 035 | _a(BD-RjUL)3285 | ||
| 035 | _a(OCoLC)560077 | ||
| 040 |
_aDLC _cODaWU _dOCoLC _dDLC _dBD-RjUL _beng |
||
| 041 | _aeng | ||
| 082 |
_a338.3727 _bCHC 1965 |
||
| 100 | 1 |
_aChristy, Francis T. _910271 |
|
| 245 | 1 | 4 |
_aThe common wealth in ocean fisheries : _bsome problems of growth and economic allocation / _cFrancis T. Christy, Jr. and Anthony Scott. |
| 260 |
_aBaltimore : _bPublished for Resources for the Future by the Johns Hopkins Press , _cc1965 |
||
| 300 |
_axiii, 281 p. : _billus., maps. ; _c23 cm. |
||
| 504 | _aBibliography: p. 253-261. and index. | ||
| 650 | 0 |
_aFisheries. _910272 |
|
| 700 | 1 |
_aScott, Anthony, _d1923- _ejoint author. _910273 |
|
| 710 | 2 |
_aResources for the Future. _99272 |
|
| 856 | _uhttp://www.worldcat.org/title/common-wealth-in-ocean-fisheries-some-problems-of-growth-and-economic-allocation/oclc/560077&referer=brief_results | ||
| 942 |
_2ddc _cBK |
||
| 999 |
_c3251 _d3251 |
||